000 00372nam a2200133Ia 4500
005 20260326100042.0
008 260326s9999||||xx |||||||||||||| ||und||
100 _aHazan ,Fernand
245 0 _aHistoria Ilustrada de la Pintura :
_b Desde el Arte rupéstre al Arte abstracto /
_cFernand Hazan
260 _bGustavo Gili
300 _a320 p.
650 _aARTE
942 _cBK
999 _c7051
_d7051